| 000 | nam a22 a 4500 | ||
|---|---|---|---|
| 999 |
_c3220 _d3220 |
||
| 003 | AKMAL | ||
| 005 | 20170522090116.0 | ||
| 008 | 170522s2005 my a e | a000 0 may d | ||
| 020 |
_a9676116505 (kkt.) : _cRM19.00 |
||
| 040 |
_aAKMAL _cAKMAL |
||
| 082 | 0 | 4 |
_a658.406 SAB _222 |
| 090 |
_a658.406 _bSAB |
||
| 100 | 1 |
_aMarican, Sabitha _96612 |
|
| 245 | 1 | 0 |
_aMembentuk suasana kerja positif : _baspek hubungan manusia dan persekitaran sosial / _cSabitha Marican |
| 260 |
_aKuala Lumpur : _bUtusan Publications & Distributors, _c2005 |
||
| 300 |
_aviii, 167ms. : _bil. ; _c24cm. |
||
| 440 | 0 |
_aSiri pengajian dan pendidikan Utusan _9549 |
|
| 504 | _aMengandungi rujukan bibliografi | ||
| 650 | 1 | 0 |
_aOrganizational change _xManagement _91033 |
| 650 | 2 | 0 |
_aAchievement motivation _91159 |
| 650 | 2 | 0 |
_aManagement _vPsychological aspects _91223 |
| 942 |
_2ddc _cBOOK |
||